000 00374nam a2200157Ia 4500
005 20240807062421.0
008 240806s9999||||xx |||||||||||||| ||eng||
041 _aeng
082 _a891.433
_bSHAK
100 _aPandey, Roop Narayan
245 0 _aKamla /
_cPandey, Roop Narayan
260 _bSanmarg Prakashan, Delhi
300 _a167p.
650 _aHindi
942 _cBK
999 _c18319
_d18319